Építészeti kiállítás [fényképek]
Elmentve itt :
| Dokumentumtípus: | Cikk |
|---|---|
| Megjelent: |
1963-09-05
|
| Sorozat: | Délmagyarország
53 No. 207 |
| Kulcsszavak: | Kiállítás építészet Szeged 1963, építészet, műemlékvédelem |
| Online Access: | http://dmarchiv.bibl.u-szeged.hu/77497 |
| LEADER | 00470nab a2200145 i 4500 | ||
|---|---|---|---|
| 001 | delm77497 | ||
| 005 | 20180928084334.0 | ||
| 008 | 180928s1963 hu o 0|| hun d | ||
| 040 | |a SZTE Délmagyarország Archívum |b hun | ||
| 041 | |a hun | ||
| 245 | 0 | 0 | |a Építészeti kiállítás |h [elektronikus dokumentum] : |b [fényképek] |
| 260 | |c 1963-09-05 | ||
| 300 | |a 3 | ||
| 490 | 0 | |a Délmagyarország |v 53 No. 207 | |
| 695 | |a Kiállítás építészet Szeged 1963, építészet, műemlékvédelem | ||